[Event "4NCL Division 3"]
[Site "Daventry Court ENG"]
[Date "2015.05.03"]
[Round "10.193"]
[White "Hendy, Jerry S"]
[Black "Ali, Niall"]
[Result "1/2-1/2"]
[WhiteElo "1726"]
[BlackElo "1720"]
[PlyCount "109"]
[EventDate "2015.05.03"]
[WhiteTeam "Throw in the Tal"]
[BlackTeam "Anglian Avengers 3"]

1. e4 e6 2. d4 d5 3. Nd2 c5 4. c3 Nc6 5. Ngf3 Nf6 6. Bd3 cxd4 7. cxd4 Bb4 8. e5
Nd7 9. O-O f6 10. exf6 Qxf6 11. Nb3 O-O 12. Bg5 Qf7 13. a3 Bd6 14. Bh4 e5 15.
Bg3 Qf6 16. dxe5 Ndxe5 17. Nxe5 Nxe5 18. Bc2 Be6 19. Nd4 Bf7 20. Nb5 Rad8 21.
Nxd6 Rxd6 22. Re1 Re8 23. Bb3 Rd7 24. Qd2 d4 25. Bxf7+ Kxf7 26. Rac1 Rde7 27.
h3 Nc6 28. Rxe7+ Rxe7 29. Kf1 Re3 30. Kg1 Rb3 31. Rc4 b5 32. Rc5 d3 33. Rc3
Rxc3 34. bxc3 Qf5 35. Kf1 Na5 36. Qe3 Nc4 37. Qxa7+ Kf6 38. Qd4+ Kf7 39. Qf4
Qxf4 40. Bxf4 Nxa3 41. Be5 Nc4 42. Bd4 g6 43. f4 Ke6 44. Kf2 Kd5 45. Kf3 Nb2
46. Ke3 Kc4 47. Bg7 Na4 48. Kd2 Nc5 49. g4 Ne4+ 50. Kd1 Nxc3+ 51. Kd2 Ne4+ 52.
Ke3 d2 53. Ke2 Kb3 54. Kd1 Kc4 55. Ke2 1/2-1/2

[Event "4NCL Division 3"]
[Site "Daventry Court ENG"]
[Date "2015.05.03"]
[Round "10.196"]
[White "Woodcock, Keith"]
[Black "Woolgar, Steve"]
[Result "1-0"]
[WhiteElo "1656"]
[BlackElo "1705"]
[PlyCount "53"]
[EventDate "2015.05.03"]
[WhiteTeam "Anglian Avengers 3"]
[BlackTeam "Throw in the Tal"]

1. d4 Nf6 2. Nc3 g6 3. e4 d6 4. Bg5 Bg7 5. Qd2 O-O 6. Bc4 Nbd7 7. Nf3 Nb6 8.
Bb3 Bg4 9. O-O-O a5 10. a4 e5 11. d5 Qd7 12. h3 Bxf3 13. gxf3 Nh5 14. Rdg1 f5
15. f4 fxe4 16. fxe5 Bxe5 17. Nxe4 Nxa4 18. c3 Bf4 19. Bxf4 Rxf4 20. Qxf4 b5
21. Qg5 Kh8 22. Nf6 Nxf6 23. Qxf6+ Kg8 24. Qe6+ Qf7 25. Bxa4 bxa4 26. Re1 Rb8
27. Kc2 1-0

[Event "4NCL Division 3"]
[Site "Daventry Court ENG"]
[Date "2015.05.02"]
[Round "9.55"]
[White "Polaczek, Richard"]
[Black "Walker, David J"]
[Result "1/2-1/2"]
[WhiteElo "2434"]
[BlackElo "2291"]
[PlyCount "91"]
[EventDate "2015.05.02"]

1. d4 Nf6 2. Nf3 g6 3. Bg5 Bg7 4. Nbd2 h6 5. Bh4 d6 6. e4 g5 7. Bg3 Nh5 8. c3
e6 9. Bc4 Nc6 10. O-O Ne7 11. Ne1 Nxg3 12. fxg3 O-O 13. Qe2 Ng6 14. Nc2 c6 15.
Rad1 b5 16. Bd3 e5 17. Kh1 Be6 18. d5 cxd5 19. exd5 Bxd5 20. Bxb5 Rb8 21. c4
Ba8 22. Ne4 Bxe4 23. Qxe4 Qb6 24. Ne3 Ne7 25. Ba4 Qb7 26. Nd5 f5 27. Nxe7+ Qxe7
28. Rxf5 Rxf5 29. Qxf5 e4 30. Bc2 Rf8 31. Qd5+ Kh8 32. Bxe4 Bxb2 33. Bf3 Ba3
34. Qd4+ Qg7 35. Qg4 Bc5 36. Re1 Qc3 37. Qe4 Qd4 38. Qg6 Qf6 39. Qh5 Kg7 40.
Rb1 Qg6 41. Rb7+ Kf6 42. Qxg6+ Kxg6 43. h4 Re8 44. Kh2 h5 45. hxg5 Re1 46. Rb1
1/2-1/2

[Event "4NCL Division 3"]
[Site "Daventry Court ENG"]
[Date "2015.05.02"]
[Round "9.56"]
[White "Dunn, Andrew c"]
[Black "Dilleigh, Stephen P"]
[Result "1/2-1/2"]
[WhiteElo "2230"]
[BlackElo "2106"]
[PlyCount "76"]
[EventDate "2015.05.02"]

1. d4 d5 2. c4 e6 3. Nf3 Nf6 4. Nc3 Bb4 5. Bg5 Nbd7 6. Qb3 c5 7. cxd5 exd5 8.
e3 Qa5 9. Bxf6 c4 10. Qc2 Nxf6 11. Nd2 O-O 12. Be2 Re8 13. O-O Bd7 14. Bf3 Bc6
15. a3 Bxc3 16. Qxc3 Qxc3 17. bxc3 b5 18. Rfb1 Rab8 19. a4 a6 20. axb5 axb5 21.
Ra6 Bd7 22. h3 Re6 23. Ra7 Be8 24. Rb4 Kf8 25. Kf1 Re7 26. Ra5 Rbb7 27. Ke1 Ra7
28. Rxa7 Rxa7 29. Rb2 Bc6 30. Kd1 Ke7 31. Kc2 Kd6 32. g4 h6 33. Bg2 Ne4 34.
Bxe4 dxe4 35. Nf1 Ra1 36. Rb1 Ra2+ 37. Rb2 Ra1 38. Rb1 Ra2+ 1/2-1/2

[Event "4NCL Division 3"]
[Site "Daventry Court ENG"]
[Date "2015.05.02"]
[Round "9.57"]
[White "Moore, Gerald"]
[Black "Dargan, Paul AG"]
[Result "1-0"]
[WhiteElo "2057"]
[BlackElo "2136"]
[PlyCount "71"]
[EventDate "2015.05.02"]

1. Nf3 Nf6 2. c4 c5 3. Nc3 Nc6 4. g3 e6 5. Bg2 d5 6. cxd5 exd5 7. d4 Be7 8. O-O
O-O 9. Be3 c4 10. Ne5 Re8 11. Qa4 Bd7 12. Nxd7 Qxd7 13. b3 Bb4 14. Rac1 a6 15.
bxc4 b5 16. cxb5 axb5 17. Qxb5 Reb8 18. Nxd5 Rxb5 19. Nxf6+ gxf6 20. Bxc6 Qh3
21. Bxb5 Rxa2 22. Ra1 Rxa1 23. Rxa1 h5 24. Ra4 Bd6 25. d5 Qf5 26. Bc6 Kg7 27.
Bf4 h4 28. Bxd6 h3 29. f3 Qb1+ 30. Kf2 Qb6+ 31. Ke1 Qg1+ 32. Kd2 Qxh2 33. Rg4+
Kh7 34. Bd7 Qg1 35. Bf5+ Kh8 36. Bf8 1-0

[Event "4NCL Division 3"]
[Site "Daventry Court ENG"]
[Date "2015.05.02"]
[Round "9.58"]
[White "Tavoularis, Nick"]
[Black "McEwan, Ken B"]
[Result "1-0"]
[WhiteElo "2136"]
[BlackElo "2074"]
[PlyCount "59"]
[EventDate "2015.05.02"]

1. e4 c5 2. Nc3 e6 3. f4 Nc6 4. Nf3 g6 5. Bb5 Qc7 6. O-O d6 7. d4 a6 8. Bxc6+
Qxc6 9. d5 Qc7 10. e5 Bd7 11. Ng5 Nh6 12. dxe6 Bxe6 13. Nxe6 fxe6 14. exd6 Bxd6
15. Qe2 Qe7 16. Bd2 O-O 17. Rac1 Rae8 18. Ne4 Nf5 19. Bc3 Nd4 20. Qd2 e5 21. b4
cxb4 22. Bxd4 exd4 23. Qxd4 Rd8 24. Qc4+ Qf7 25. Nxd6 Rxd6 26. Qxb4 Rfd8 27. c4
R8d7 28. f5 Rd2 29. fxg6 Rxg2+ 30. Kh1 1-0

[Event "4NCL Division 3"]
[Site "Daventry Court ENG"]
[Date "2015.05.02"]
[Round "9.59"]
[White "Bin-Suhayl, Ieysaa"]
[Black "Coathup, Roger H"]
[Result "0-1"]
[WhiteElo "1952"]
[BlackElo "2112"]
[PlyCount "110"]
[EventDate "2015.05.02"]

1. d4 Nf6 2. c4 g6 3. Nc3 Bg7 4. e4 d6 5. Nf3 O-O 6. Be2 e5 7. d5 a5 8. h3 Na6
9. Be3 Nc5 10. Qc2 Nh5 11. Nd2 Nf4 12. Bxf4 exf4 13. Nb3 Nd7 14. Qd2 Be5 15.
Nb5 a4 16. N3d4 Nc5 17. Bf3 Bd7 18. O-O c6 19. Nc3 Qf6 20. Rad1 Qg5 21. Kh1 Qh4
22. dxc6 bxc6 23. Kg1 Rfe8 24. Nde2 Be6 25. Nd4 Bxc4 26. Be2 Bxd4 27. Bxc4 Bxc3
28. Qxd6 Nxe4 29. Qc7 Ng5 30. bxc3 f3 31. Qxc6 Rac8 32. Rd4 Qh5 33. Qd5 fxg2
34. Qxg2 Nxh3+ 35. Kh1 Ng5+ 36. Qh2 Qxh2+ 37. Kxh2 Nf3+ 38. Kg3 Nxd4 39. Bxf7+
Kxf7 40. cxd4 Rcd8 41. Rd1 Re4 42. d5 Kf6 43. f3 Rc4 44. Rd3 Rd6 45. a3 Rc5 46.
Rd4 Ra5 47. Rf4+ Ke5 48. Rf7 h5 49. f4+ Kxd5 50. Rf5+ gxf5 51. Kh4 Rg6 52. Kxh5
Rg1 53. Kh6 Rc5 54. Kh7 Rc2 55. Kh6 Rh2# 0-1

[Event "4NCL Division 3"]
[Site "Daventry Court ENG"]
[Date "2015.05.02"]
[Round "9.60"]
[White "Henderson, David"]
[Black "Frean, Daniel J"]
[Result "1-0"]
[WhiteElo "2068"]
[BlackElo "1952"]
[PlyCount "59"]
[EventDate "2015.05.02"]

1. e4 e5 2. Nf3 Nc6 3. Bb5 d6 4. d4 Bd7 5. O-O Nf6 6. Nc3 Be7 7. Re1 exd4 8.
Nxd4 Nxd4 9. Bxd7+ Nxd7 10. Qxd4 Bf6 11. Qb4 Nc5 12. e5 Be7 13. exd6 Qxd6 14.
Bg5 Ne6 15. Bxe7 Kxe7 16. Qxb7 Rhb8 17. Qe4 c6 18. Rad1 Qc7 19. Qh4+ Kf8 20.
Qxh7 Rxb2 21. Qh8+ Ke7 22. Qxa8 Rb8 23. Nd5+ cxd5 24. Qxd5 Rh8 25. h3 Qxc2 26.
Rc1 Qa4 27. Qg5+ Kd6 28. Red1+ Nd4 29. Qxg7 Ke6 30. Rxd4 1-0

[Event "4NCL Division 3"]
[Site "Daventry Court ENG"]
[Date "2015.05.02"]
[Round "9.65"]
[White "Maciol, Ryszard"]
[Black "Barnes, Michael H"]
[Result "1/2-1/2"]
[WhiteElo "2209"]
[BlackElo "2190"]
[PlyCount "84"]
[EventDate "2015.05.02"]

1. d4 Nf6 2. c4 g6 3. Nc3 Bg7 4. e4 d6 5. f3 c6 6. Be3 a6 7. Qd2 b5 8. d5 bxc4
9. Bxc4 O-O 10. Nge2 c5 11. O-O Nbd7 12. Ng3 Rb8 13. Rab1 Ne5 14. Be2 Qa5 15.
Bh6 Qb4 16. Bxg7 Kxg7 17. Rfd1 Bd7 18. f4 Nc4 19. Bxc4 Qxc4 20. h3 Qd4+ 21.
Qxd4 cxd4 22. Rxd4 Rfc8 23. Rd3 Rb4 24. b3 h5 25. h4 Rb7 26. e5 dxe5 27. fxe5
Ng4 28. Re1 Rbc7 29. e6 fxe6 30. dxe6 Bxe6 31. Rxe6 Rxc3 32. Rxe7+ Kf8 33. Red7
Ne5 34. Rd8+ Ke7 35. Rxc8 Rxd3 36. Ne4 Ng4 37. g3 Re3 38. Ng5 Re1+ 39. Kg2 Re2+
40. Kf3 Rxa2 41. Rc3 Rf2+ 42. Ke4 Kd7 1/2-1/2

[Event "4NCL Division 3"]
[Site "Daventry Court ENG"]
[Date "2015.05.02"]
[Round "9.66"]
[White "Burrows, Martin P"]
[Black "Hoffmann, Hendrik"]
[Result "1-0"]
[WhiteElo "2136"]
[BlackElo "2161"]
[PlyCount "63"]
[EventDate "2015.05.02"]

1. e4 d6 2. d4 Nf6 3. Nc3 g6 4. Be3 Bg7 5. Qd2 O-O 6. f3 e5 7. d5 c6 8. O-O-O
cxd5 9. Nxd5 Nxd5 10. Qxd5 Nc6 11. Qxd6 Qa5 12. Bc4 Rd8 13. Qc5 Rxd1+ 14. Kxd1
Qd8+ 15. Bd5 Bf8 16. Qb5 Bd7 17. Qb3 Nb4 18. Ne2 Be6 19. Nc3 Rc8 20. Kc1 Nxd5
21. exd5 Bd7 22. Qxb7 a5 23. Qb6 Qh4 24. Ne4 Bf5 25. Bg5 Bh6 26. Bxh6 Qxh6+ 27.
Kb1 a4 28. a3 Qf8 29. d6 Rd8 30. Qc5 f6 31. Qd5+ Kh8 32. Rd1 1-0

[Event "4NCL Division 3"]
[Site "Daventry Court ENG"]
[Date "2015.05.02"]
[Round "9.67"]
[White "Kemp, Peter"]
[Black "Ross, Chris N"]
[Result "0-1"]
[WhiteElo "2190"]
[BlackElo "2174"]
[PlyCount "128"]
[EventDate "2015.05.02"]

1. d4 g6 2. c4 Bg7 3. Nf3 d6 4. g3 Nf6 5. Bg2 O-O 6. O-O Nc6 7. Nc3 e5 8. d5
Ne7 9. e4 h6 10. Ne1 Nd7 11. Nd3 f5 12. f4 Kh7 13. fxe5 Nxe5 14. Nxe5 Bxe5 15.
Be3 fxe4 16. Rxf8 Qxf8 17. Bxe4 Bf5 18. Bxf5 Nxf5 19. Bf2 Qg7 20. Qd3 b6 21.
Rd1 Re8 22. g4 Ne7 23. Nb5 Ng8 24. Nd4 Qf6 25. Ne6 Re7 26. Rf1 Rf7 27. b3 c6
28. Bg3 Qxf1+ 29. Qxf1 Rxf1+ 30. Kxf1 Bxg3 31. hxg3 cxd5 32. cxd5 Nf6 33. Nc7
Kg7 34. Nb5 Nxd5 35. Nxd6 Kf6 36. Kf2 Ke6 37. Nc4 b5 38. Na3 a6 39. Nc2 Ke5 40.
a3 Ke4 41. Ke2 a5 42. b4 a4 43. Kd2 h5 44. gxh5 gxh5 45. Ke2 Nf6 46. Ne3 Ng4
47. Nc2 Ne5 48. Ne3 Nc6 49. Nc2 Nd8 50. Ne3 Nf7 51. Kd2 Nd6 52. Ke2 Kd4 53. g4
hxg4 54. Nxg4 Kc3 55. Ne3 Nc4 56. Nd5+ Kb3 57. Kd3 Nxa3 58. Nc7 Kxb4 59. Kd2
Kb3 60. Kc1 b4 61. Na6 Nc4 62. Kb1 Ka3 63. Nc5 Nd2+ 64. Kc1 Nb3+ 0-1

[Event "4NCL Division 3"]
[Site "Daventry Court ENG"]
[Date "2015.05.02"]
[Round "9.68"]
[White "Byron, Alan M"]
[Black "Pedersen, Carsten"]
[Result "1/2-1/2"]
[WhiteElo "2209"]
[BlackElo "2164"]
[PlyCount "42"]
[EventDate "2015.05.02"]

1. d4 Nf6 2. c4 c5 3. Nf3 cxd4 4. Nxd4 e5 5. Nb5 d5 6. cxd5 Bc5 7. e3 O-O 8.
N5c3 e4 9. Be2 Qe7 10. a3 Bf5 11. Nd2 a6 12. b4 Ba7 13. Bb2 Nbd7 14. Nb3 Rfd8
15. d6 Qf8 16. Na4 Ne8 17. Bd4 Bxd4 18. Nxd4 Bg6 19. Nc5 Nxd6 20. Nxd7 Rxd7 21.
Qb3 Nf5 1/2-1/2

[Event "4NCL Division 3"]
[Site "Daventry Court ENG"]
[Date "2015.05.02"]
[Round "9.69"]
[White "Quinn, John"]
[Black "Taylor, Adam A"]
[Result "1-0"]
[WhiteElo "2125"]
[BlackElo "2069"]
[PlyCount "95"]
[EventDate "2015.05.02"]

1. d4 Nf6 2. c4 e6 3. Nc3 Bb4 4. Qc2 O-O 5. Nf3 b6 6. e4 d5 7. e5 Ne4 8. Bd3
Bb7 9. O-O Bxc3 10. bxc3 Nd7 11. cxd5 exd5 12. c4 f5 13. cxd5 Bxd5 14. Bc4 Bxc4
15. Qxc4+ Kh8 16. Ba3 c5 17. Rfd1 Qe7 18. e6 b5 19. Qxb5 Qxe6 20. dxc5 Ne5 21.
Nxe5 Qxe5 22. Bb2 Qf4 23. Bd4 Rad8 24. Qb2 Qh6 25. c6 Rc8 26. Rac1 f4 27. f3
Ng5 28. Be5 Qg6 29. Kh1 Ne6 30. Rd7 a6 31. Qb7 Qg5 32. Qb2 h5 33. h3 Rf5 34.
Qb7 Rff8 35. Bd6 Rfe8 36. Re7 Qd5 37. Rxe8+ Rxe8 38. Qd7 Rd8 39. Qxd8+ Nxd8 40.
c7 Qxd6 41. c8=Q Kh7 42. Qc2+ Kh6 43. Rd1 Qf6 44. Qd3 Nf7 45. Qd4 Qg5 46. Rc1
Nh8 47. Rc6+ Ng6 48. Rxa6 1-0

[Event "4NCL Division 3"]
[Site "Daventry Court ENG"]
[Date "2015.05.02"]
[Round "9.70"]
[White "Garnett, John S"]
[Black "Skulte, Chris"]
[Result "0-1"]
[WhiteElo "1993"]
[BlackElo "2012"]
[PlyCount "66"]
[EventDate "2015.05.02"]

1. c4 e5 2. g3 Nf6 3. Bg2 d5 4. cxd5 Nxd5 5. Nf3 Nc6 6. O-O Be7 7. d4 exd4 8.
Nxd4 Nxd4 9. Qxd4 Nf6 10. Qa4+ c6 11. Nc3 O-O 12. Rd1 Qb6 13. Qc2 Be6 14. Be3
Qa5 15. Ne4 Bf5 16. Nxf6+ Bxf6 17. Qb3 Qa6 18. Bc5 Rfd8 19. a3 Rxd1+ 20. Qxd1
Rd8 21. Qb3 Qxe2 22. Bf3 Qxb2 23. Qxb2 Bxb2 24. Re1 b6 25. Be7 Rc8 26. Re2 Bd4
27. Bd6 Be6 28. Rc2 c5 29. Be2 c4 30. g4 c3 31. Ba6 Rc6 32. Bb4 Bxg4 33. Bd3
Bd1 0-1

[Event "4NCL Division 3"]
[Site "Daventry Court ENG"]
[Date "2015.05.02"]
[Round "9.75"]
[White "Buckley, David E"]
[Black "Mansson, James C"]
[Result "1/2-1/2"]
[WhiteElo "2285"]
[BlackElo "2073"]
[PlyCount "93"]
[EventDate "2015.05.02"]

1. d4 d5 2. c4 c6 3. Nc3 Nf6 4. Nf3 e6 5. Bg5 h6 6. Bh4 g5 7. Bg3 dxc4 8. e4 b5
9. Be2 Bb7 10. O-O Nbd7 11. d5 Nc5 12. dxc6 Bxc6 13. Qxd8+ Rxd8 14. Ne5 Bxe4
15. Nxb5 Be7 16. Bxc4 O-O 17. Nxa7 Rd2 18. Nac6 Re8 19. b4 Na4 20. Nxe7+ Rxe7
21. Rfd1 Rb2 22. Bb3 Nc3 23. Rd8+ Re8 24. Rxe8+ Nxe8 25. Nc4 Ne2+ 26. Kf1 Nxg3+
27. hxg3 Bd3+ 28. Kg1 Bxc4 29. Bxc4 Rxb4 30. Be2 Ra4 31. Bb5 Ra8 32. a4 Nc7 33.
Bc4 Ra5 34. Kf1 Kf8 35. Ke2 Ke7 36. Kd3 Kd6 37. Kc3 Kc5 38. Kb3 Ra8 39. a5 Rb8+
40. Kc3 Rb4 41. Be2 Nd5+ 42. Kc2 Rb8 43. a6 Ra8 44. Rh1 Nb4+ 45. Kc3 Nxa6 46.
Rxh6 Nc7 47. Rh7 1/2-1/2

[Event "4NCL Division 3"]
[Site "Daventry Court ENG"]
[Date "2015.05.02"]
[Round "9.76"]
[White "Horspool, Philip J"]
[Black "Russell, Chris"]
[Result "1/2-1/2"]
[WhiteElo "2015"]
[BlackElo "2185"]
[PlyCount "25"]
[EventDate "2015.05.02"]

1. e4 e6 2. d4 d5 3. Nd2 Nc6 4. Ngf3 Nf6 5. Bd3 Nb4 6. O-O Nxd3 7. cxd3 Be7 8.
Qc2 O-O 9. Nb3 b6 10. Bf4 dxe4 11. dxe4 Bb7 12. Rfe1 Rc8 13. Rad1 1/2-1/2

[Event "4NCL Division 3"]
[Site "Daventry Court ENG"]
[Date "2015.05.02"]
[Round "9.77"]
[White "Savory, Richard"]
[Black "Truman, Richard G"]
[Result "1-0"]
[WhiteElo "2101"]
[BlackElo "1964"]
[PlyCount "75"]
[EventDate "2015.05.02"]

1. e4 c5 2. Nf3 e6 3. d4 cxd4 4. Nxd4 a6 5. Bd3 Qc7 6. O-O Nf6 7. Nc3 Bc5 8.
Nb3 Be7 9. Be3 b5 10. a4 b4 11. Nb1 Bb7 12. N1d2 d5 13. exd5 Bxd5 14. Qe2 O-O
15. Nc4 Nbd7 16. a5 Bb7 17. Nb6 Qc6 18. f3 Rad8 19. Nd4 Qd6 20. Rfe1 Nc5 21.
Bc4 Nd5 22. Nxd5 Bxd5 23. Nb3 Qc6 24. Kh1 Nxb3 25. cxb3 Bxc4 26. bxc4 Rc8 27.
b3 Bc5 28. Red1 h6 29. Qf2 Bxe3 30. Qxe3 Rfd8 31. Qb6 Rxd1+ 32. Rxd1 Kh7 33.
Qxb4 Qc5 34. Qb7 Rc6 35. Qxf7 Qf2 36. Qd7 Qc2 37. Qd3+ Qxd3 38. Rxd3 1-0

[Event "4NCL Division 3"]
[Site "Daventry Court ENG"]
[Date "2015.05.02"]
[Round "9.78"]
[White "Okhai, Shabir"]
[Black "Fry, Charlie"]
[Result "0-1"]
[WhiteElo "1987"]
[BlackElo "2140"]
[PlyCount "124"]
[EventDate "2015.05.02"]

1. e4 c5 2. Nf3 Nc6 3. c3 Nf6 4. e5 Nd5 5. d4 cxd4 6. cxd4 d6 7. Bc4 e6 8. O-O
Be7 9. h3 O-O 10. Bxd5 exd5 11. Nc3 Be6 12. Bf4 Rc8 13. Rc1 a6 14. Qd2 dxe5 15.
dxe5 d4 16. Ne2 Bxa2 17. Nexd4 Nxd4 18. Qxd4 Rxc1 19. Rxc1 Bd5 20. Rd1 Bxf3 21.
Qxd8 Rxd8 22. Rxd8+ Bxd8 23. gxf3 Kf8 24. Bd2 Ke7 25. f4 Ke6 26. Kg2 f6 27. Bc3
Kf5 28. Kf3 fxe5 29. fxe5 g5 30. b3 Bc7 31. e6 Kxe6 32. Kg4 Bd8 33. f3 a5 34.
f4 gxf4 35. Kxf4 b5 36. Ke4 a4 37. bxa4 bxa4 38. Bb4 Bf6 39. Ba3 Be7 40. Bc1
Kf6 41. Kf4 Kg6 42. Ke4 Kh5 43. Kf3 Kh4 44. Kg2 Bg5 45. Bb2 Bf4 46. Ba3 Kg5 47.
Kf3 Kf5 48. Bb2 Bg5 49. Ba3 Ke5 50. Bf8 Kd4 51. Ke2 Kc3 52. Kd1 Kb3 53. Bd6 Bd8
54. Kc1 Ba5 55. Kb1 Bb4 56. Be5 h5 57. Bb2 h4 58. Kc1 Bc3 59. Kb1 Bd2 60. Bf6
a3 61. Bb2 Bb4 62. Bf6 Bc3 0-1

[Event "4NCL Division 3"]
[Site "Daventry Court ENG"]
[Date "2015.05.02"]
[Round "9.79"]
[White "Thompson, Rob"]
[Black "Peat, Matthew"]
[Result "0-1"]
[WhiteElo "2027"]
[BlackElo "2029"]
[PlyCount "128"]
[EventDate "2015.05.02"]

1. Nf3 d5 2. g3 Nf6 3. Bg2 c6 4. d3 Bf5 5. O-O h6 6. Nbd2 e6 7. c4 Nbd7 8. Re1
Bh7 9. a3 a5 10. b3 Bc5 11. Bb2 O-O 12. Bc3 Qe7 13. Qc1 b5 14. Nd4 b4 15. axb4
axb4 16. Bb2 Qd6 17. Nc2 d4 18. Nf3 e5 19. Qd2 Rfe8 20. Red1 Ng4 21. h3 Ngf6
22. e3 dxe3 23. Nxe3 Rxa1 24. Bxa1 Bxe3 25. fxe3 e4 26. dxe4 Qxg3 27. e5 Be4
28. Rf1 Nxe5 29. Bxe5 Rxe5 30. Nxe5 Bxg2 31. Qxg2 Qxe3+ 32. Kh1 Qxe5 33. Qxc6
Ne4 34. Rf3 Qa1+ 35. Kg2 Qb2+ 36. Kg1 Qc1+ 37. Rf1 Qe3+ 38. Kg2 Qg3+ 39. Kh1
Qxh3+ 40. Kg1 Qg4+ 41. Kh2 Qg3+ 42. Kh1 Nf2+ 43. Rxf2 Qxf2 44. Qe8+ Kh7 45.
Qe4+ g6 46. Qd5 h5 47. c5 h4 48. c6 h3 49. Qe4 Qg3 50. Qd5 Kh6 51. Qd2+ g5 52.
Qd5 f6 53. Qe4 Qxb3 54. Kh2 Qc3 55. Qe8 g4 56. Qh8+ Kg5 57. Qg7+ Kf5 58. Qd7+
Kf4 59. Qd6+ Kg5 60. Qd5+ Kh6 61. Qd6 Kg5 62. Qd5+ Kh4 63. Qe4 Qd2+ 64. Kh1 Kg3
0-1

[Event "4NCL Division 3"]
[Site "Daventry Court ENG"]
[Date "2015.05.02"]
[Round "9.80"]
[White "Kingston, Ian S"]
[Black "Meadows, Mike"]
[Result "0-1"]
[WhiteElo "1970"]
[BlackElo "2035"]
[PlyCount "74"]
[EventDate "2015.05.02"]

1. e4 e6 2. d4 d5 3. Nc3 Bb4 4. Nge2 dxe4 5. a3 Bxc3+ 6. Nxc3 Nc6 7. Bb5 Nge7
8. Nxe4 Qd5 9. Qd3 O-O 10. c3 f5 11. Ng3 Qxg2 12. Bf4 Nd5 13. Be5 Nxe5 14. dxe5
f4 15. O-O-O fxg3 16. hxg3 h6 17. Rxh6 Rf5 18. Rh4 Qxf2 19. Rdh1 Qe3+ 20. Qxe3
Nxe3 21. Rh8+ Kf7 22. R1h7 c6 23. Bd3 Rxe5 24. c4 Nxc4 25. Bxc4 Rc5 26. b3 b5
27. Rd8 bxc4 28. Rhh8 cxb3+ 29. Kb2 Rb8 30. Rxc8 Rc2+ 31. Kb1 Rxc8 32. Rxc8 c5
33. Rc7+ Kf6 34. Rxa7 c4 35. a4 c3 36. a5 Rb2+ 37. Kc1 Ra2 0-1

[Event "4NCL Division 3"]
[Site "Daventry Court ENG"]
[Date "2015.05.02"]
[Round "9.85"]
[White "Hamer, Martyn"]
[Black "Maleki, Manuel"]
[Result "0-1"]
[WhiteElo "2035"]
[BlackElo "2235"]
[PlyCount "90"]
[EventDate "2015.05.02"]

1. Nf3 Nf6 2. c4 c5 3. Nc3 e6 4. d4 cxd4 5. Nxd4 b6 6. e4 d6 7. Be2 Bb7 8. f3
Be7 9. Be3 O-O 10. O-O a6 11. Qd2 Qc7 12. Rfd1 Nbd7 13. Rac1 Rac8 14. Bf1 Qb8
15. Qf2 Rfe8 16. b3 Bd8 17. Nde2 Bc7 18. g4 Ne5 19. g5 Nfd7 20. Bg2 Ba8 21. Bd4
Nc6 22. Be3 b5 23. cxb5 axb5 24. f4 b4 25. Na4 Ne7 26. f5 exf5 27. Ng3 fxe4 28.
Rf1 Ne5 29. Nxe4 Bd5 30. Nf6+ gxf6 31. gxf6 Bxg2 32. Qxg2+ N7g6 33. h4 Qb5 34.
h5 Qd3 35. Rce1 Bd8 36. Nb2 Qc2 37. Re2 Qc6 38. Qg3 Re6 39. hxg6 hxg6 40. Ref2
Bb6 41. Bxb6 Qxb6 42. Kh2 Qd4 43. Rg2 Rc3 44. Qg5 Nf3+ 45. Rxf3 Rxf3 0-1

[Event "4NCL Division 3"]
[Site "Daventry Court ENG"]
[Date "2015.05.02"]
[Round "9.86"]
[White "Thorarinsson, Pall"]
[Black "Jaques, Andrew"]
[Result "1-0"]
[WhiteElo "2227"]
[BlackElo "2042"]
[PlyCount "91"]
[EventDate "2015.05.02"]

1. Nf3 Nf6 2. d4 g6 3. c4 Bg7 4. Nc3 O-O 5. e4 d6 6. Be2 e5 7. d5 Na6 8. Bg5 h6
9. Bh4 g5 10. Bg3 Nxe4 11. Nxe4 f5 12. Nfd2 f4 13. Bg4 fxg3 14. hxg3 Nb4 15.
Bxc8 Qxc8 16. Nf1 Qf5 17. f3 Qg6 18. g4 a5 19. Nfg3 b6 20. a3 Na6 21. Qc2 Nc5
22. Nf5 Rxf5 23. gxf5 Qxf5 24. O-O-O Nd7 25. Kb1 Nf8 26. Ng3 Qxc2+ 27. Kxc2 Ng6
28. Nf5 Kh7 29. Rd2 Rf8 30. g4 Nf4 31. Kb3 Rf7 32. Ka4 Bf8 33. Rdh2 h5 34.
Rxh5+ Nxh5 35. Rxh5+ Kg6 36. Rh8 Bg7 37. Rg8 Rxf5 38. gxf5+ Kf7 39. Rc8 e4 40.
fxe4 g4 41. Rxc7+ Kf6 42. Rd7 Bf8 43. Rh7 Ke5 44. Rh4 Kf4 45. f6 Kf3 46. Rh8
1-0

[Event "4NCL Division 3"]
[Site "Daventry Court ENG"]
[Date "2015.05.02"]
[Round "9.87"]
[White "Lyth, John.D"]
[Black "Agnew, Alan"]
[Result "1/2-1/2"]
[WhiteElo "1960"]
[BlackElo "2093"]
[PlyCount "100"]
[EventDate "2015.05.02"]

1. d4 d6 2. Nf3 g6 3. g3 Bg7 4. Bg2 Nf6 5. O-O O-O 6. c4 Nbd7 7. Nc3 e5 8. e4
Re8 9. h3 c6 10. Re1 exd4 11. Nxd4 Qa5 12. Bf4 Ne5 13. Nb3 Qb4 14. c5 dxc5 15.
a3 Qb6 16. Na4 Qc7 17. Naxc5 Nh5 18. Bxe5 Qxe5 19. Nd3 Qc7 20. Qc2 Be6 21. Nbc5
Bd4 22. Nxe6 Rxe6 23. Kh2 Rae8 24. Rad1 g5 25. Nc5 Bxc5 26. Qxc5 h6 27. Qxa7 f5
28. e5 f4 29. Bf3 fxg3+ 30. fxg3 Nf6 31. Rd6 g4 32. hxg4 Rxe5 33. Rxe5 Qxd6 34.
Rxe8+ Nxe8 35. Qxb7 Nf6 36. Qb4 Qe5 37. Qc3 Qg5 38. Qxc6 Qd2+ 39. Kh3 Qxb2 40.
Qc4+ Kg7 41. Qb4 Qe5 42. Qf4 Qc5 43. Qf5 Qxa3 44. g5 hxg5 45. Qxg5+ Kf7 46. Qf5
Kg7 47. Kh4 Qc1 48. Qg5+ Qxg5+ 49. Kxg5 Ng8 50. Be4 Nf6 1/2-1/2

[Event "4NCL Division 3"]
[Site "Daventry Court ENG"]
[Date "2015.05.02"]
[Round "9.88"]
[White "Farkas, Daniel"]
[Black "Collins, Richard.A"]
[Result "1/2-1/2"]
[WhiteElo "2132"]
[BlackElo "1937"]
[PlyCount "107"]
[EventDate "2015.05.02"]

1. e4 e5 2. Nf3 Nc6 3. Bc4 Bc5 4. c3 Nf6 5. d3 d6 6. O-O h6 7. Nbd2 a6 8. Bb3
O-O 9. h3 Ba7 10. Re1 Re8 11. Nf1 Ne7 12. Ng3 Ng6 13. d4 Be6 14. Bc2 Bd7 15.
Nf5 Nh7 16. Be3 Nhf8 17. Nh2 d5 18. exd5 Bxf5 19. Bxf5 Qxd5 20. dxe5 Qxd1 21.
Raxd1 Bxe3 22. Rxe3 Rxe5 23. Be4 c6 24. Nf3 Ree8 25. Bxg6 fxg6 26. Rde1 Rxe3
27. Rxe3 Kf7 28. Ne5+ Kf6 29. Kf1 Rd8 30. Ke2 g5 31. Nd3 Ne6 32. g3 Rd5 33. f3
Kf7 34. Ne5+ Kf6 35. Ng4+ Kf7 36. Ne5+ Kf6 37. Ng4+ Kf7 38. Nf2 Rd7 39. Re5 Rc7
40. Ne4 Rd7 41. b4 Rc7 42. a4 Rd7 43. a5 Rc7 44. Nd6+ Ke7 45. Nc4 Kf6 46. Re3
c5 47. Nb6 Kf7 48. Rd3 cxb4 49. cxb4 Ke8 50. Kd2 Nd8 51. Nd5 Rf7 52. Ke3 Nc6
53. Ke4 Kf8 54. f4 1/2-1/2

[Event "4NCL Division 3"]
[Site "Daventry Court ENG"]
[Date "2015.05.02"]
[Round "9.89"]
[White "Taylor, Mark"]
[Black "Stevenson, James AB"]
[Result "1-0"]
[WhiteElo "1885"]
[BlackElo "2042"]
[PlyCount "101"]
[EventDate "2015.05.02"]

1. e4 c5 2. Nf3 Nc6 3. d4 cxd4 4. Nxd4 Nf6 5. Nc3 e5 6. Ndb5 d6 7. Bg5 a6 8.
Bxf6 gxf6 9. Na3 b5 10. Nd5 f5 11. exf5 Bxf5 12. Bd3 Be6 13. Be4 Rc8 14. c3 Bg7
15. Qh5 Ne7 16. Nxe7 Qxe7 17. Nc2 Rc4 18. Qf3 O-O 19. Ne3 f5 20. Bd5 Rf4 21.
Qd1 e4 22. Qb3 Bf7 23. Rd1 Be5 24. Qa3 Qa7 25. Qb3 Rxf2 26. Kxf2 f4 27. Rde1
Kh8 28. Bxf7 Rxf7 29. Rhf1 fxe3+ 30. Ke2 Rf2+ 31. Rxf2 exf2 32. Rf1 e3 33. Qd5
Bxh2 34. Qf3 Qe7 35. Qxe3 Qxe3+ 36. Kxe3 Bg3 37. Kf3 Bh4 38. g3 Bf6 39. Rxf2
Kg7 40. Ke4 Be5 41. g4 Kg6 42. Rf5 a5 43. Kd3 h6 44. b3 Kg7 45. a4 bxa4 46.
bxa4 Kg6 47. c4 Bg3 48. Rxa5 Be5 49. Ke4 Kg5 50. Rxe5+ dxe5 51. Kxe5 1-0